000
00213nam a22000857a 4500
008
170113b xxu||||| |||| 00| 0 eng d
100
_9
2398
_a
Mittal.R.S.etal.
245
_a
Science Lab-IX
260
_a
New Delhi
_b
APC
_c
2011
999
_c
5413
_d
5413